Szegeden szerelik az első "gyógyító" számítógépet Tudományos ülésszak a kibernetika orvostudományi alkalmazásáról /

Elmentve itt :
Bibliográfiai részletek
Szerző: Pünkösti Árpád
Dokumentumtípus: Cikk
Megjelent: 1972-12-05
Sorozat:Délmagyarország 62 No. 286
Kulcsszavak:Pünkösti Árpád, egészségügyi tanácskozások, továbbképzések, tanácskozások, pályázatok
Online Access:http://dmarchiv.bibl.u-szeged.hu/99146
LEADER 00647nab a2200157 i 4500
001 delm99146
005 20190318123324.0
008 190318s1972 hu o 0|| hun d
040 |a SZTE Délmagyarország Archívum  |b hun 
041 |a hun 
100 1 |a Pünkösti Árpád 
245 1 0 |a Szegeden szerelik az első "gyógyító" számítógépet   |h [elektronikus dokumentum] :  |b Tudományos ülésszak a kibernetika orvostudományi alkalmazásáról /  |c  Pünkösti Árpád 
260 |c 1972-12-05 
300 |a 3 
490 0 |a Délmagyarország  |v 62 No. 286 
695 |a Pünkösti Árpád, egészségügyi tanácskozások, továbbképzések, tanácskozások, pályázatok